माँ जानती है / (Record no. 111956)

MARC details
000 -LEADER
fixed length control field 01131nam a22002777a 4500
003 - CONTROL NUMBER IDENTIFIER
control field dpl
005 - DATE AND TIME OF LATEST TRANSACTION
control field 20190213154301.0
008 - FIXED-LENGTH DATA ELEMENTS--GENERAL INFORMATION
fixed length control field 190213b ||||| |||| 00| 0 eng d
010 ## - LIBRARY OF CONGRESS CONTROL NUMBER
LC control number A-700533, A-700535
020 ## - INTERNATIONAL STANDARD BOOK NUMBER
Terms of availability 50.00
035 ## - SYSTEM CONTROL NUMBER
System control number A-700533, 700535
037 ## - SOURCE OF ACQUISITION
Source of stock number/acquisition Cen Lib/Ret
040 ## - CATALOGING SOURCE
Original cataloging agency DPL
Language of cataloging HN
Transcribing agency 0
082 ## - DEWEY DECIMAL CLASSIFICATION NUMBER
Classification number 821
Item number मानव
100 ## - MAIN ENTRY--PERSONAL NAME
Personal name सिंह,मानबहादुर
9 (RLIN) 45222
245 ## - TITLE STATEMENT
Title माँ जानती है /
Statement of responsibility, etc मानवहादुर सिंह
Remainder of title काव्य गाथा
246 ## - VARYING FORM OF TITLE
Title proper/short title maa janti hai :kavya gatha
Remainder of title by Manbahadur singh
260 ## - PUBLICATION, DISTRIBUTION, ETC. (IMPRINT)
Place of publication, distribution, etc इलाहाबाद
Name of publisher, distributor, etc अनामिका प्रकाशन
Date of publication, distribution, etc 1993
270 ## - ADDRESS
Address 185,नया बैरहना
City इलाहाबाद
Postal code 211003
300 ## - PHYSICAL DESCRIPTION
Extent 142पृष्ठ.
Dimensions 16सेमी (सजिल्द )
650 ## - SUBJECT ADDED ENTRY--TOPICAL TERM
Topical term or geographic name as entry element हिंदी साहित्य
9 (RLIN) 45223
650 ## - SUBJECT ADDED ENTRY--TOPICAL TERM
Topical term or geographic name as entry element हिंदी काव्य रचना
9 (RLIN) 43622
650 ## - SUBJECT ADDED ENTRY--TOPICAL TERM
Topical term or geographic name as entry element Hindi literature
9 (RLIN) 45224
650 ## - SUBJECT ADDED ENTRY--TOPICAL TERM
Topical term or geographic name as entry element Hindi poetry composition
9 (RLIN) 45225
942 ## - ADDED ENTRY ELEMENTS (KOHA)
Source of classification or shelving scheme Dewey Decimal Classification
Koha item type Hindi Books
Classification part 821
Call number suffix मानव
Holdings
Withdrawn status Lost status Damaged status Not for loan Home library Current library Date acquired Source of acquisition Cost, normal purchase price Total Checkouts Full call number Barcode Date last seen Copy number Cost, replacement price Price effective from Koha item type Source of classification or shelving scheme Collection code
        Central Library Central Library 06/08/2015 Cen Lib/Ret 50.00   821 मानव A-700533 06/08/2015 1 50.00 06/08/2015 Hindi Books    
        Shahdara Branch Shahdara Branch 13/02/2019 BPPD/PUB 50.00   821 मानव A-700535 13/02/2019   50.00 13/02/2019 Hindi Books Dewey Decimal Classification Non-fiction

© Delhi Public Library
Hit Counter
free hit counter